000 00345nam a2200133 i 4500
001 bg
245 0 _aPolska klasa robotnicza :
_bstudia historyczne.
_nT. 2 /
_cpod red. Anny Kiżys.
260 _aWarszawa,
_c1971.
700 1 _aKiżys, Anna.
_eRed.
040 _cBPK
041 _apol
942 _cKS
008 s pl f |000 0 pol
999 _c47065
_d47065
856 _uhttp://koha.tu.koszalin.pl/cgi-bin/koha/opac-detail.pl?biblionumber=47065
_yKatalog online BPK